000 00381nam a2200145Ia 4500
008 230917s9999||||xx |||||||||||||| ||und||
040 _e128572
_aMAIN
041 _aEnglish
082 _a342.54558 C361H
100 _aChander, J
245 0 _aHaryana panchayati raj adhiniyam avam niyam 1994
260 _aRohtak
_bBright Law House
_c1994
300 _aviii, 45p. p.
942 _cBK
999 _c80375
_d80375